000 00320nam a2200109 a 4500
005 20140408090006.0
008 021022s19uu xx 00 eng d
050 _aPGS '98
_bCAR #8
100 _aCarandang, Canvilla
245 _aThe Possible effect of telephone metering on the telephone habits of grade 6.
942 _cPASS
999 _c96111
_d96111